000 00253nam a2200109Ia 4500
008 190912s9999||||xx |||||||||||||| ||und||
100 _aRonald Ridout
245 0 _aWord Perfect Spelling
260 _aKarachi
_bOxford
_c1993
300 _a201
942 _cBK
999 _c7288
_d7288